01355nam a2200361Ia 4500001001200000003000800012006001900020007001500039008004100054010001700095020001800112020001500130020002200145040002100167035002100188050002500209100001700234245009700251260004800348300001100396504006600407533015200473650003100625650003200656650002700688650002200715650002700737650003800764655002900802710001700831856012600848999001900974ebr10326913CaPaEBRm u cr cn|||||||||980806s1999 enk sb 001 0 eng d z 98061179  z9780761951513 z0761951504 z0761951512 (pbk.) aCaPaEBRcCaPaEBR a(OCoLC)46473023614aHQ1236b.M342 1999eb1 aMaddock, Su.10aChallenging womenh[electronic resource] :bgender, culture, and organization /cSu Maddock. aLondon ;aThousand Oaks, CA :bSage,c1999. a258 p. aIncludes bibliographical references (p. [228]-249) and index. aElectronic reproduction.bPalo Alto, Calif. :cebrary,d2009.nAvailable via World Wide Web.nAccess may be limited to ebrary affiliated libraries. 0aWomenxPolitical activity. 0aWomen in the civil service. 0aWomen public officers. 0aWomen executives. 0aOrganizational change. 0aSex role in the work environment. 7aElectronic books.2local2 aebrary, Inc.40uhttp://site.ebrary.com/lib/rucke/Doc?id=10326913zAn electronic book accessible through the World Wide Web; click to view c159686d159686